[Event "UKR-ch"]
[Site "Simferopol"]
[Date "2003.11.11"]
[Round "8"]
[White "Ljahovetsky, Igor"]
[Black "Lisitza, Sergey"]
[Result "1/2-1/2"]
[WhiteElo "2098"]
[BlackElo "2056"]
[PlyCount "53"]
[EventDate "2003.11.04"]
[EventType "swiss"]
[EventRounds "9"]
[EventCountry "UKR"]
[SourceTitle "CBM 097 Extra"]
[Source "ChessBase"]
[SourceDate "2004.01.13"]
[SourceVersion "1"]
[SourceVersionDate "2004.01.13"]
[SourceQuality "1"]

1. Nf3 Nf6 2. d4 g6 3. c4 Bg7 4. Nc3 d5 5. cxd5 Nxd5 6. e4 Nxc3 7. bxc3 0-0 8. Qb3 c5 9. d5 e6 10. Be3 exd5 11. exd5 Qf6 12. Rc1 b6 13. Be2 h6 14. 0-0 Na6 15. Nd2 Nc7 16. Bf3 Ba6 17. Rfe1 Rad8 18. Ne4 Qe5 19. c4 Rfe8 20. Bd2 Qb2 21. Bc3 Qxb3 22. axb3 Bxc3 23. Rxc3 Kg7 24. Ra1 f5 25. d6 Nd5 26. cxd5 fxe4 27. Rxa6 1/2-1/2